Catalog

Record Details

Catalog Search



Available copies

  • 1 of 1 copy available at LARL/NWRL Consortium.

Current holds

0 current holds with 1 total copy.

Show All Copies
Location Call Number / Copy Notes Barcode Shelving Location Status Due Date
Roseau Public Library lp MOR (Text) 35500006893505 Main Available -

Record details

  • ISBN: 9780062860941
  • ISBN: 0062860941
  • Physical Description: 312 pages (large print) ; 23 cm
  • Edition: First HarperLuxe edition.
  • Publisher: New York, NY : HarperLuxe, an imprint of HarperCollins Publishers, [2018]

Content descriptions

Summary, etc.:
"In April 1942, Lale Sokolov, a Slovakian Jew, is ... Read More
Subject: Auschwitz (Concentration camp) > Fiction.
Holocaust, Jewish (1939-1945) > Fiction.
World War, 1939-1945 > Jews > Fiction.
Tattoo artists > Fiction.
Jews > Poland > Fiction.
Jews > Poland > Fiction.
FICTION / Historical / World War II.
FICTION / Jewish.
FICTION / Cultural Heritage.
Jews
Tattoo artists
Poland
Genre: Large type books.
Biographical fiction
Fiction
Historical fiction
Novels
Historical fiction.
Large print books.
Historical fiction.
Biographical fiction.
LDR 04652cam a2200841 i 4500
001473473
003LARL_NWRL_CONSORTIUM
00520251021110545.0
008180905t20182018nyu d 000 f eng d
040 . ‡aNPC ‡beng ‡erda ‡cNPC ‡dBDX ‡dJAO ‡dPCX ‡dGRC ‡dYU2 ‡dOCLCF ‡dORK ‡dRB0 ‡dOCLCQ ‡dOCLCO ‡dJTH ‡dQX9 ‡dTXMCM ‡dTJ7 ‡dCGL ‡dB@L ‡dOCLCO ‡dJY2 ‡dOCLCO ‡dDYJ ‡dOCLCO ‡dJTD ‡dOCLCO ‡dJN3 ‡dJZH ‡dOCLCO ‡dJX9 ‡dSOM ‡dOCLCO ‡dBYV ‡dOCLCO ‡dY#4 ‡dOCLCO ‡dQJK ‡dOCL ‡dBPLCP ‡dOCLCO ‡dIBI ‡dOCLCO ‡dDWP ‡dOCLCO ‡dOCLCL ‡dOCLCQ ‡dUKNYK ‡dOCLCO ‡dOCLCL
019 . ‡a1297002105 ‡a1443790787 ‡a1523758659
020 . ‡a9780062860941 ‡q(large print ; ‡qtrade paperback)
020 . ‡a0062860941 ‡q(large print ; ‡qtrade paperback)
035 . ‡a(OCoLC)1050447639 ‡z(OCoLC)1297002105 ‡z(OCoLC)1443790787 ‡z(OCoLC)1523758659
043 . ‡ae-pl---
08204. ‡a823/.92 ‡223 ‡1https://id.oclc.org/worldcat/ddc/E3Qm8MMjKGfpCQQfhcCHtHwrCD
08204. ‡a[Fic] ‡223
084 . ‡aFIC014000 ‡aFIC046000 ‡aFIC051000 ‡2bisacsh
1001 . ‡aMorris, Heather ‡c(Screenwriter), ‡eauthor. ‡1https://id.oclc.org/worldcat/entity/E39PBJhMjHmCBmHbWtQBhg8Hmd
24514. ‡aThe tattooist of Auschwitz / ‡cHeather Morris.
250 . ‡aFirst HarperLuxe edition.
264 1. ‡aNew York, NY : ‡bHarperLuxe, an imprint of HarperCollins Publishers, ‡c[2018]
264 4. ‡c©2018
300 . ‡a312 pages (large print) ; ‡c23 cm
336 . ‡atext ‡btxt ‡2rdacontent
337 . ‡aunmediated ‡bn ‡2rdamedia
338 . ‡avolume ‡bnc ‡2rdacarrier
340 . ‡nlarge print ‡2rda
520 . ‡a"In April 1942, Lale Sokolov, a Slovakian Jew, is forcibly transported to the concentration camps at Auschwitz-Birkenau. When his captors discover that he speaks several languages, he is put to work as a Tätowierer (the German word for tattooist), tasked with permanently marking his fellow prisoners. Imprisoned for more than two and a half years, Lale witnesses horrific atrocities and barbarism--but also incredible acts of bravery and compassion. Risking his own life, he uses his privileged position to exchange jewels and money from murdered Jews for food to keep his fellow prisoners alive. One day in July 1942, Lale, prisoner 32407, comforts a trembling young woman waiting in line to have the number 34902 tattooed onto her arm. Her name is Gita, and in that first encounter, Lale vows to somehow survive the camp and marry her"--Publisher.
61020. ‡aAuschwitz (Concentration camp) ‡vFiction.
650 0. ‡aHolocaust, Jewish (1939-1945) ‡vFiction. ‡0(LARL_NWRL_CONSORTIUM)165632
650 0. ‡aWorld War, 1939-1945 ‡xJews ‡vFiction.
650 0. ‡aTattoo artists ‡vFiction.
650 0. ‡aJews ‡zPoland ‡vFiction. ‡0(LARL_NWRL_CONSORTIUM)165772
650 1. ‡aJews ‡zPoland ‡vFiction. ‡0(LARL_NWRL_CONSORTIUM)165772
650 7. ‡aFICTION / Historical / World War II. ‡2bisacsh
650 7. ‡aFICTION / Jewish. ‡2bisacsh
650 7. ‡aFICTION / Cultural Heritage. ‡2bisacsh
650 7. ‡aJews ‡2fast ‡0(LARL_NWRL_CONSORTIUM)23801
650 7. ‡aTattoo artists ‡2fast ‡0(LARL_NWRL_CONSORTIUM)32422
651 7. ‡aPoland ‡2fast ‡0(LARL_NWRL_CONSORTIUM)3410
647 7. ‡aWorld War ‡d(1939-1945) ‡2fast
647 7. ‡aJewish Holocaust ‡d(1939-1945) ‡2fast
648 7. ‡a1939-1945 ‡2fast
655 0. ‡aLarge type books.
655 7. ‡aBiographical fiction ‡2fast
655 7. ‡aFiction ‡2fast
655 7. ‡aHistorical fiction ‡2fast
655 7. ‡aNovels ‡2fast
655 7. ‡aHistorical fiction. ‡2gsafd
655 7. ‡aLarge print books. ‡2lcgft
655 7. ‡aHistorical fiction. ‡2lcgft
655 7. ‡aBiographical fiction. ‡2lcgft
901 . ‡a473473 ‡bAUTOGEN ‡c473473 ‡tbiblio

Additional Resources